| 000 | 00354nam a2200145 a 4500 | ||
|---|---|---|---|
| 003 | OSt | ||
| 005 | 20201016134755.0 | ||
| 008 | 190716s 1999 000 spa d | ||
| 020 | _a842308798 | ||
| 040 |
_aDO-SdBNP _bspa _cBNPHU |
||
| 245 | 3 | _aLa anemia | |
| 260 |
_aSanto Domingo, _bGrupo Editorial Fenix _c1999. |
||
| 300 |
_a63 p. _c21 cm. |
||
| 942 |
_2ddc _cLF1 |
||
| 999 |
_c48547 _d48547 |
||